000 00747nam a22002057a 4500
005 20260701144936.0
010 _aENG-148937
020 _c150.00
_a9789361638145
035 _aEN-132469
037 _bDBAD
082 _a327.470947
_21
100 _aKabilan, R.
245 _aRuler Putin Defeated War Mongering Declining European/
_cR. Kabilan [and] Lalitha Kabilan
250 _a1
260 _aTamil Nadu, India
_bShanlax Publications
_c2023
270 _bTamil Nadu
_aShanlax Publications, Vasantha Nagar, Madurai, Tamil Nadu
_e625003
_mwww.shanlaxpublications.com
_mpublisher@shanlaxpublications.com
300 _a121p.
_c22cm (pb)
700 _aKabilan, Lalitha
_eAuthor
_968236
942 _2ddc
_cEN
_h327.470947
_mKAB
_e1
999 _c216814
_d216814